Библия (Запис № 326677)

МАРК-запис
000 -Лідер
fixed length control field 00663nam a22002297a 4500
003 - Ідентифікатор контрольного номера
control field UA-OsUOA
001 - Контрольний номер
control field 40539
007 - Фіксоване поле фізичного опису
fixed length control field ta
008 - Елементи даних фіксованої довжини – загальна інформація
fixed length control field 20060809b un ||||| |||| 00| 0 ukr d
090 ## - Локальний шифр розміщення
Класифікаційний індекс УДК 22,04
040 ## - Джерело каталогізації
Агенція оригінальної каталогізації UA-OsUOA
Мова каталогізації rus
Агенція, яка здійснювала перезапис UA-OsUOA
Агенція, яка здійснювала модифікацію UA-OsUOA
041 ## - Код мови
Код мови тексту/ звукової доріжки чи окремого заголовка (П) rus
080 ## - Індекс Універсальної десяткової класифікації
Індекс Універсальної десяткової класифікації (УДК) (НП) 22,04
020 ## - Міжнародний стандартний книжковий номер (ISBN)
Міжнародний стандартний книжковий номер (ISBN) (НП) 5-85524-129-7
245 ## - Відомості про назву
Назва (НП) Библия
Решта назви (НП) Книги священного писания Ветхого и Нового завета
260 ## - Публікація, розповсюдження і т.п. (Вихідні дані)
Місце публікації, розповсюдження і т.п. (П) М.
Ім’я/ наймення видавництва, розповсюджувача і т.п. (П) Российское библейское общество
Дата публікації, розповсюдження і т.п. (П) 2001
300 ## - Фізичний опис
Обсяг 285 с.
650 #7 - Додаткове предметне введення – тематичний термін
Тематичний термін чи географічна назва, як елемент введення (НП) 22 Біблія. Святе писання
Джерело заголовка чи терміна UDC
942 ## - Додаткові елементи входу (Коха)
Тип елемента Koha Книги
955 ## - Код типу видання за змістом
Код типу видання за змістом (НП) Навчальні видання
Фонди
Стан вилучень Стан втрат Джерело класифікації або схеми стелажів Стан уражень Не для кредиту Постійне місце розташування Поточне розміщення Дата придбання Джерело придбання Вартість, звичайна ціна покупки Інвентарний номер Усього замовленно Штрих-код Дата останнього перегляду Ціна ефективна від Тип елемента Koha Дата останньої перевірки
    Universal Decimal Classification     АБ - Абонемент НБ АБ - Абонемент НБ 09/08/2006 81/2006 30.00 97793   97793 04/11/2021 09/08/2006 Книги  
    Universal Decimal Classification     АБ - Абонемент НБ АБ - Абонемент НБ 09/08/2006 81/2006 30.00 97794   97794 04/11/2021 09/08/2006 Книги  
    Universal Decimal Classification     АБ - Абонемент НБ АБ - Абонемент НБ 09/08/2006 81/2006 30.00 97795   97795 04/11/2021 09/08/2006 Книги  
    Universal Decimal Classification     АБ - Абонемент НБ АБ - Абонемент НБ 09/08/2006 81/2006 30.00 97796   97796 04/11/2021 09/08/2006 Книги  
    Universal Decimal Classification     АБ - Абонемент НБ АБ - Абонемент НБ 09/08/2006 81/2006 30.00 97797   97797 04/11/2021 09/08/2006 Книги  
    Universal Decimal Classification     АБ - Абонемент НБ АБ - Абонемент НБ 09/08/2006 81/2006 30.00 97798 1 97798 30/11/2023 09/08/2006 Книги 15/11/2023
    Universal Decimal Classification     АБ - Абонемент НБ АБ - Абонемент НБ 09/08/2006 81/2006 30.00 97799   97799 04/11/2021 09/08/2006 Книги  
    Universal Decimal Classification     АБ - Абонемент НБ АБ - Абонемент НБ 09/08/2006 81/2006 30.00 97800   97800 04/11/2021 09/08/2006 Книги  
    Universal Decimal Classification     АБ - Абонемент НБ АБ - Абонемент НБ 09/08/2006 81/2006 30.00 97801   97801 04/11/2021 09/08/2006 Книги  
Withdrawn   Universal Decimal Classification     АБ - Абонемент НБ АБ - Абонемент НБ 09/08/2006 81/2006 30.00 97802   97802 13/07/2019 09/08/2006 Книги